Top Goal Scorer All Time in Leagues - Statistics

General Stats
  • This quiz has been taken 11 times
  • The average score is 2 of 15
Answer Stats
League Name % Correct
LaLiga Lionel Messi
80%
Bundesliga Gerd Müller
70%
Premier League Alan Shearer
60%
Russian Premier League Artem Dzyuba
0%
EFL Championship Billy Sharp
0%
MLS Chris Wondolowski
0%
Croatian Football Leauge Davor Vugrinec
0%
Ligue 1 Delio Onnis
0%
Liga Portugal Fernando Peyroteo
0%
Swiss Super League Jacques Fatton
0%
Ligue 2 Jean Pierre Orts
0%
Saudi Pro League Majed Abdullah
0%
Campeonato Brasileiro Série A Roberto Dinamite
0%
Serie A Silvio Piola
0%
2. Bundesliga Simon Terodde
0%
No matching quizzes found
Score Distribution
Percent of People with Each Score
Percentile by Number Answered
Your Score History
You have not taken this quiz